UBT Library

Adictionary Dermatological Words Terms And Phrases (Record no. 51394)

000 -LEADER
fixed length control field 00294nam a22001217a 4500
008 - FIXED-LENGTH DATA ELEMENTS--GENERAL INFORMATION
fixed length control field 181101b xxu||||| |||| 00| 0 eng d
041 ## - LANGUAGE CODE
Language code of text/sound track or separate title eng
080 ## - UNIVERSAL DECIMAL CLASSIFICATION NUMBER
Universal Decimal Classification number 615.5
100 ## - Rafti
Rafti 7
101 ## - Shkurtesa
Shkurtesa DER
245 ## - TITLE STATEMENT
Title Adictionary Dermatological Words Terms And Phrases
Statement of responsibility, etc MOrris.l
942 ## - ADDED ENTRY ELEMENTS (KOHA)
Source of classification or shelving scheme
Item type Books
Holdings
Withdrawn status Lost status Source of classification or shelving scheme Damaged status Not for loan Collection code Permanent location Current location Shelving location Date acquired Total Checkouts Full call number Barcode Date last seen Price effective from Koha item type
          Koleksioni i përgjithshem UBT - Lipjan UBT - Lipjan Koleksioni i përgjithshem 11/01/2018   615.5 MOR 002-3017255 11/01/2018 11/01/2018 Books
UBT Library © 2015-2024. All rights reserved University Education for Business and Technology